[Event "Final Kubka SZFO "Â" 2018"]
[Site "?"]
[Date "2018.12.10"]
[Round "8"]
[White "Shchukin, Dmitry"]
[Black "Khlebovich, Alexander"]
[Result "0-1"]
[WhiteElo "2272"]
[BlackElo "2370"]
[PlyCount "82"]
[EventDate "2018.12.11"]
[SourceDate "2018.12.11"]

1. e4 c5 2. Nf3 d6 3. d4 cxd4 4. Nxd4 Nf6 5. Nc3 g6 6. f4 Bg7 7. e5 Nh5 8. Bb5+
Bd7 9. e6 fxe6 10. Nxe6 Bxc3+ 11. bxc3 Qc8 12. Qd4 Nf6 13. Qc4 Nc6 14. Bxc6
Bxc6 15. O-O Bd7 16. Qxc8+ Rxc8 17. Re1 Bxe6 18. Rxe6 Nd5 19. Bd2 Kd7 20. Rae1
Rhe8 21. f5 gxf5 22. Rh6 Nxc3 23. Bxc3 Rxc3 24. Rxh7 Rxc2 25. h4 Rxa2 26. h5
Ra5 27. Rf7 f4 28. h6 Re5 29. Rf1 Rh8 30. h7 Ke6 31. Rg7 Kf6 32. Rg8 Rxh7 33.
Rxf4+ Ke6 34. Rb4 b6 35. Ra8 Ra5 36. g4 Rg7 37. Kf2 Ra3 38. Rxb6 axb6 39. Rxa3
Rxg4 40. Rb3 Kd5 41. Rxb6 e5 0-1

[Event "Final Kubka SZFO "Â" 2018"]
[Site "?"]
[Date "2018.12.10"]
[Round "8"]
[White "Varitski, Igor"]
[Black "Jezov, Roman"]
[Result "0-1"]
[WhiteElo "2216"]
[BlackElo "2273"]
[PlyCount "93"]
[EventDate "2018.12.11"]
[SourceDate "2018.12.11"]

1. e4 e5 2. Nf3 Nc6 3. d4 exd4 4. c3 dxc3 5. Nxc3 Bb4 6. Bc4 d6 7. O-O Bxc3 8.
bxc3 Nf6 9. Qc2 Qe7 10. Re1 Ne5 11. Be2 Nxf3+ 12. Bxf3 O-O 13. Rb1 Nd7 14. Be3
Ne5 15. Be2 b6 16. h3 Qh4 17. Rf1 Re8 18. Kh2 Ng4+ 19. Bxg4 Bxg4 20. f3 Bd7 21.
Qd2 f5 22. Bg5 Qh5 23. exf5 h6 24. Qd5+ Qf7 25. Qxf7+ Kxf7 26. Bd2 Re2 27. Rb2
Rae8 28. Kg3 Bxf5 29. Rf2 Bd3 30. h4 Rxf2 31. Kxf2 Re2+ 32. Kg3 Bc4 33. a3 a5
34. h5 Ke6 35. Kh3 Rf2 36. Bc1 Rf1 37. Be3 Ra1 38. Bd4 Kf7 39. f4 Rxa3 40. Rc2
b5 41. Kg4 c5 42. Bf2 a4 43. Rd2 Rxc3 44. Rxd6 Be6+ 45. f5 Rc4+ 46. Kg3 Bxf5
47. Rd5 0-1

[Event "Final Kubka SZFO "]
[Site "?"]
[Date "2018.12.10"]
[Round "8"]
[White "Matsenko, Andrei"]
[Black "Blinkov, Pavel"]
[Result "1-0"]
[WhiteElo "2318"]
[BlackElo "2305"]
[PlyCount "115"]
[EventDate "2018.12.11"]
[SourceDate "2018.12.11"]

1. d4 d5 2. c4 e6 3. Nc3 a6 4. cxd5 exd5 5. Nf3 Nf6 6. Bg5 Be6 7. e3 h6 8. Bh4
g5 9. Bg3 Nh5 10. Bd3 Nxg3 11. hxg3 Nd7 12. Qc2 Qf6 13. e4 g4 14. exd5 gxf3 15.
dxe6 Qxe6+ 16. Kf1 fxg2+ 17. Kxg2 O-O-O 18. Bf5 Qd6 19. Rac1 Kb8 20. Ne4 Qb6
21. Qc4 Bd6 22. Rc3 Qb4 23. Qd3 Nb6 24. a3 Qa5 25. Rh5 Be7 26. Nc5 Bxc5 27.
Rxc5 Qa4 28. b4 Rd6 29. Be4 Qd7 30. Qf3 Rxd4 31. Bxb7 Rd3 32. Qf6 Rg8 33. Bxa6
Rxa3 34. Be2 Ra2 35. Rhe5 Rg6 36. Qh8+ Nc8 37. Re8 Rd2 38. Rb5+ Rb6 39. Rxb6+
cxb6 40. Qxh6 Qxe8 41. Qxd2 Kc7 42. Bf3 Qe5 43. Qc2+ Kd8 44. Qc6 Qd4 45. Qd5+
Qxd5 46. Bxd5 Ke7 47. g4 f6 48. f4 Kd6 49. Be4 b5 50. Kf3 Nb6 51. Ke3 Nd7 52.
Kd4 Nb8 53. Kc3 Na6 54. Bb7 Nb8 55. Kd4 Kc7 56. Bd5 Kd6 57. g5 fxg5 58. fxg5
1-0

[Event "Final Kubka SZFO "]
[Site "?"]
[Date "2018.12.10"]
[Round "8"]
[White "Chukavin, Kirill"]
[Black "Toivonen, Alexander V"]
[Result "1/2-1/2"]
[WhiteElo "2277"]
[BlackElo "2343"]
[PlyCount "123"]
[EventDate "2018.12.11"]
[SourceDate "2018.12.11"]

1. e4 e5 2. Nf3 Nf6 3. Nxe5 d6 4. Nf3 Nxe4 5. Bd3 Nc5 6. Be2 Be7 7. O-O O-O 8.
d4 Ne4 9. Bd3 d5 10. c4 c6 11. Nc3 Nxc3 12. bxc3 dxc4 13. Bxc4 Bg4 14. h3 Bh5
15. g4 Bg6 16. Ne5 Nd7 17. Nxg6 hxg6 18. Qf3 Bd6 19. g5 Nb6 20. Bb3 Nd5 21. h4
Qd7 22. Kg2 Rae8 23. Rh1 Nxc3 24. h5 Nd5 25. hxg6 fxg6 26. Bxd5+ cxd5 27. Qxd5+
Rf7 28. Rh4 Re1 29. Re4 Rh1 30. Re6 Rg1+ 31. Kxg1 Bh2+ 32. Kxh2 Qxd5 33. Re8+
Rf8 34. Rxf8+ Kxf8 35. Be3 Kf7 36. Rc1 Qd6+ 37. Kg2 b6 38. Rc2 Ke6 39. Kf3 Kf5
40. Rc8 Qd5+ 41. Kg3 Ke6 42. a4 Qd7 43. Rg8 Kf7 44. Rh8 Qxa4 45. Rd8 Qc6 46.
Bf4 Ke7 47. Rg8 Qc3+ 48. Be3 Kf7 49. Ra8 a5 50. Ra7+ Kg8 51. Kf4 Qc8 52. Kf3 a4
53. Bf4 Qc3+ 54. Ke4 a3 55. Be5 Qc2+ 56. Kd5 a2 57. Rxg7+ Kf8 58. Ra7 Qb3+ 59.
Kd6 Qb4+ 60. Ke6 Qc4+ 61. Kd6 Qb4+ 62. Ke6 1/2-1/2

[Event "Final Kubka SZFO "Â" 2018"]
[Site "?"]
[Date "2018.12.10"]
[Round "8"]
[White "Galchenko, Matvey"]
[Black "Schekachikhin, Maksim"]
[Result "0-1"]
[WhiteElo "2379"]
[BlackElo "2368"]
[PlyCount "158"]
[EventDate "2018.12.11"]
[SourceDate "2018.12.11"]

1. e4 c5 2. Nf3 Nc6 3. d4 cxd4 4. Nxd4 e6 5. Nc3 a6 6. g3 Qc7 7. Bg2 Nf6 8. O-O
h5 9. h3 Bc5 10. Nb3 Ba7 11. Kh1 d6 12. a4 Bd7 13. Qe2 Nd4 14. Nxd4 Bxd4 15.
Qd3 Bc5 16. Ne2 Rc8 17. c3 e5 18. Bg5 Nh7 19. Bd2 Be6 20. Be3 h4 21. g4 Bxe3
22. Qxe3 Qc5 23. Qxc5 Rxc5 24. Rfd1 Ke7 25. Nc1 a5 26. Nd3 Rc6 27. f4 f6 28. f5
Bc4 29. Nc1 Bf7 30. Kg1 Ng5 31. Rd3 Rhc8 32. Re3 Be8 33. Bf1 Bf7 34. Bb5 R6c7
35. Nd3 g6 36. Nf2 gxf5 37. exf5 Bc4 38. Bxc4 Rxc4 39. Nd1 d5 40. Rd3 d4 41. b3
e4 42. Rxd4 Rxd4 43. cxd4 Rc2 44. Ne3 Nxh3+ 45. Kh1 Re2 46. Nd5+ Kf7 47. Rc1
Nf2+ 48. Kg1 Nxg4 49. Rc7+ Kg8 50. Ne7+ Kg7 51. Ng6+ Kh6 52. Nxh4 Kg5 53. Ng2
Rd2 54. Kf1 e3 55. Ne1 Kxf5 56. Re7 b6 57. d5 Rxd5 58. Nf3 Rd1+ 59. Ke2 Rb1 60.
Nd4+ Kf4 61. Re6 Rb2+ 62. Ke1 f5 63. Ne2+ Kg5 64. Nd4 f4 65. Nf3+ Kf5 66. Nd4+
Kg5 67. Nf3+ Kh5 68. Rxb6 Nf2 69. Ne5 Ne4 70. Nd3 Rb1+ 71. Ke2 Kg4 72. Rg6+ Kf5
73. Rg8 Nc3+ 74. Kf3 Rf1+ 75. Kg2 e2 76. Rf8+ Ke4 77. Nf2+ Ke3 78. Re8+ Kd2 79.
Rd8+ Kc2 0-1